000 00626nam a2200193Ia 4500
005 20250508161608.0
008 008 250505s9999 xx 000 0 eng d
037 _aBooks to be hide in OPAC
040 _aFEDL
_beng
_cFEDL
041 _aeng
_2eng
084 _a304.607, NCE/O
_qFEDL
100 _aMehta T S
_9770609
245 0 _aPopulation education in school curricula (Social sciences) A working document
245 0 _cNCERT
260 _aNew Delhi, India
_bNational Council of Educational Research and Training
_c1970
300 _a57p.
942 _cHB
_h304.607, NCE/O
999 _c1371011
_d1371011